Optimalizácia prevádzky distribučnej siete

Bibliographic Details
Main Authors: Mindek, Milan (Author), Špano, Andrej (Author), Pecler, Peter (Author), Csővári, Ľubomír (Author)
Format: Article
Language:Slovak

MARC

LEADER 00000nab a2200000 a 4500
001 vtls011107039
003 SK-MaSNL
005 20260303143439.0
008 230222|2005 xo |||||||||||||||||slo|
015 |a SNBRB 
035 |a (uuid)ac56f164-9be8-4b05-9f8a-640fc5cfc48f 
035 |a (urnnbn)urn:nbn:sk:snk:ar-a08a1f 
035 |a urn:nbn:sk:snk-ab9dbz 
040 |a SNKBUCL  |b slo  |c SNKBUCL  |e AACR2 
041 0 |a slo 
044 |a xo  |c SK 
100 1 |a Mindek, Milan  |4 aut  |9 1164309 
245 1 0 |a Optimalizácia prevádzky distribučnej siete  |c Milan Mindek, Andrej Špano, Peter Pecler, Ľubomír Csővári 
700 1 |a Špano, Andrej  |4 aut  |9 1164310 
700 1 |a Pecler, Peter  |4 aut  |9 1164311 
700 1 |a Csővári, Ľubomír  |4 aut  |9 1164312 
773 0 |t Slovgas : odborný plynárenský časopis  |g Roč. 14, č. 1 (2005), s. 9-10 
954 |a odborná, vedecká literatúra pôvodná (slovenská)  |2 lita 
958 |a OND 
958 |a EUIPO 
958 |a article13 
999 |c 1990213  |d 1992143